Movies Quiz

Random Movies or Actor Quiz

Who Killed Them? Was it Bruce, Arnold, or Sylvester? Quiz Stats

 Plays Quiz not verified by Sporcle

Challenge
Share
Tweet
Embed
Score 0/21 Timer 03:00
0 Plays Today
Question Answer Wrong Answers
Alan Rickman Bruce
83.7%
Arnold
2.9%
Sylvester
6.7%
Wesley Snipes Sylvester
74%
Bruce
10.6%
Arnold
6.7%
Antonio Banderas Sylvester
70.2%
Bruce
7.7%
Arnold
9.6%
Mel Gibson Sylvester
66.3%
Bruce
14.4%
Arnold
9.6%
Jack Black Bruce
61.5%
Arnold
15.4%
Sylvester
14.4%
Richard Dawson Arnold
60.6%
Bruce
15.4%
Sylvester
13.5%
Dan Hedaya Arnold
59.6%
Bruce
13.5%
Sylvester
13.5%
Sharon Stone Arnold
57.7%
Bruce
10.6%
Sylvester
21.2%
James Earl Jones Arnold
57.7%
Bruce
13.5%
Sylvester
18.3%
Wilt Chamberlain Arnold
57.7%
Bruce
15.4%
Sylvester
16.3%
Michael Clarke Duncan Bruce
55.8%
Arnold
21.2%
Sylvester
13.5%
James Cann Arnold
54.8%
Bruce
14.4%
Sylvester
22.1%
Richard Dreyfuss Bruce
52.9%
Arnold
20.2%
Sylvester
15.4%
James Woods Sylvester
51.9%
Bruce
19.2%
Arnold
17.3%
Anthony Hopkins Bruce
51%
Arnold
16.3%
Sylvester
21.2%
Mickey Rourke Sylvester
45.2%
Bruce
26.9%
Arnold
18.3%
Rutger Hauer Sylvester
41.3%
Bruce
16.3%
Arnold
31.7%
CCH Pounder Arnold
40.4%
Bruce
25%
Sylvester
23.1%
Forest Whitaker Bruce
38.5%
Arnold
25%
Sylvester
25%
Harvey Keitel Sylvester
36.5%
Bruce
44.2%
Arnold
9.6%
James Coburn Bruce
27.9%
Arnold
22.1%
Sylvester
38.5%

You're not logged in!

Compare scores with friends on all Sporcle quizzes.
Join for Free
OR
Log In

You Might Also Like...

Show Comments

Extras

Top Quizzes Today


Score Distribution

Your Account Isn't Verified!

In order to create a playlist on Sporcle, you need to verify the email address you used during registration. Go to your Sporcle Settings to finish the process.

Report this User

Report this user for behavior that violates our Community Guidelines.

Details: